Environmental pollution (Record no. 309360)

MARC details
000 -LEADER
fixed length control field 00515 a2200193 4500
005 - DATE & TIME
control field 20240419102003.0
008 - FIXED-LENGTH DATA ELEMENTS--GENERAL INFORMATION
fixed length control field 240408b |||||||| |||| 00| 0 eng d
020 ## - ISBN
International Standard Book Number 9789556090606
Price Rs. 2295.00
040 ## - CATALOGING SOURCE
Original cataloging agency VIVEKANANDA LIBRARY
082 ## - DDC NUMBER
Classification number 363.73
Book Number B469E
100 ## - MAIN ENTRY--PERSONAL NAME
Personal name Bhardwaj, Rishi
245 ## - TITLE STATEMENT
Title Environmental pollution
260 ## - PUBLICATION, DISTRIBUTION, ETC. (IMPRINT)
Name of publisher, distributor, etc Arihant Books
Date of publication, distribution, etc 2022
Place of publication, distribution, etc New Delhi
300 ## - PHYSICAL DESCRIPTION
Pages viii, 264
650 ## - Subject
Subject Environmental Pollution
650 ## - Subject
Subject Pollution-Environmental
650 ## - Subject
Subject Environmental Science
942 ## - ADDED ENTRY ELEMENTS (KOHA)
Koha item type Books
Holdings
Withdrawn status Lost status Source of classification or shelving scheme Damaged status Not for loan Location (home branch) Sublocation or collection (holding branch) Date acquired Koha issues (times borrowed) Koha full call number Accession No. Koha date last seen Koha item type Shelving location
    Dewey Decimal Classification     VIVEKANANDA LIBRARY VIVEKANANDA LIBRARY 20/01/2024   363.73 B469E 408888 20/01/2024 Books  
    Dewey Decimal Classification     VIVEKANANDA LIBRARY VIVEKANANDA LIBRARY 07/01/2026   363.73 B469E 443993 07/01/2026 Books Vivekananda Library
    Dewey Decimal Classification     VIVEKANANDA LIBRARY VIVEKANANDA LIBRARY 07/01/2026   363.73 B469E 443994 07/01/2026 Books Vivekananda Library
© Designed and Maintained by Vivekananda Library, MDU Rohtak